Ishq kisi ki zaat nai (Record no. 11679)
[ view plain ]
| 000 -LEADER | |
|---|---|
| fixed length control field | 00300nam a22001337a 4500 |
| 082 ## - DEWEY DECIMAL CLASSIFICATION NUMBER | |
| Classification number | 891.4393 AMJ |
| 100 ## - MAIN ENTRY--PERSONAL NAME | |
| Personal name | Amjad Javid |
| 245 ## - TITLE STATEMENT | |
| Title | Ishq kisi ki zaat nai |
| 260 ## - PUBLICATION, DISTRIBUTION, ETC. | |
| Place of publication, distribution, etc. | Lahore |
| Name of publisher, distributor, etc. | Ilm o Irfan |
| Date of publication, distribution, etc. | 2011 |
| 300 ## - PHYSICAL DESCRIPTION | |
| Extent | 240p. : |
| Accompanying material | 22 cm |
| 650 ## - SUBJECT ADDED ENTRY--TOPICAL TERM | |
| Topical term or geographic name entry element | Urdu literature |
| 700 ## - ADDED ENTRY--PERSONAL NAME | |
| Personal name | Amjad Javid |
| 942 ## - ADDED ENTRY ELEMENTS (KOHA) | |
| Koha item type | Book |
| Withdrawn status | Lost status | Damaged status | Not for loan | Collection code | Permanent Location | Current Location | Shelving location | Date acquired | Source of acquisition | Cost, normal purchase price | Total Checkouts | Total Renewals | Full call number | Barcode | Date last seen | Date last checked out | Price effective from | Koha item type |
|---|---|---|---|---|---|---|---|---|---|---|---|---|---|---|---|---|---|---|
| Central Library (CL) | Central Library (CL) | General Stacks | 01/07/2013 | Allied Book Company | 200.00 | 13 | 2 | 891.4393 AMJ | SEECS011857 | 09/08/2025 | 06/02/2025 | 04/03/2013 | Book |
